000 00823nam a2200277 i 4500
001 000031257
003 DO-SdBNP
005 20250925091831.0
007 ta
008 110615s2019 dr a 000 p spa d
020 _a9789945912760
040 _aDO-SdBNP
_bspa
_cBNPHU
_erda
041 _aspa
082 4 _axxx
_bS559
_222
100 1 _aShoo, Manuel
_eautor
_4aut.
_924689
245 1 3 _aLa armadura de mi hermano /
_cManuel Shoo ; edición Darwin Núñez
264 1 _aSanto Domingo :
_bAlpha Eve,
_c2019.
300 _a42 páginas :
_bilustraciones ;
_c26 cm.
336 _atexto
_btxt
_2rdacontent
337 _asin mediación
_bn
_2rdamedia
338 _avolumen
_bnc
_2rdacarrier
590 _aInventariado, 2021/BT
700 1 _aNúñez, Darwin,
_eeditor
_957723
_4ed.
910 _aBtavárez
942 _2ddc
_cLBS1
999 _c30749
_d30749